Determinación de las condiciones de operación en el procesamiento de la semilla de cacao de Río Blanco para la obtención de manteca y polvo de cacao

Consiste en determinar las condiciones de secado y procesamiento de la semilla de cacao, hasta su conversión en manteca y polvo de cacao (cocoa). Describe la construcción de un secador de granos de cacao por combustión, tipo samoa.Evalúa las variables más adecuadas en las operaciones de torrefa...

Full description

Bibliographic Details
Main Authors: Barrios, Milton, Reyes, Clemente
Other Authors: Tutor: Guzmán G., Guillermo
Format: Tesis Section = Libro
Language:Undetermined
Spanish
Published: Managua UNI 1996
Subjects:
LEADER 01266nam a2200241Ia 4500
008 240830s9999 xx 000 0 und d
040 |a CEDOC DACA-RUSB / Mon 664.72 B275 
041 |a spa 
082 |a Mon 664.72 B275 
100 1 |a Barrios, Milton 
100 1 |b  Reyes, Clemente 
245 1 0 |a Determinación de las condiciones de operación en el procesamiento de la semilla de cacao de Río Blanco para la obtención de manteca y polvo de cacao 
260 |a Managua  |b UNI  |c 1996 
300 |a 83 h. :il 
502 |a Tesis (Ingeniero Químico) -UNI, 1996. 
520 3 |a Consiste en determinar las condiciones de secado y procesamiento de la semilla de cacao, hasta su conversión en manteca y polvo de cacao (cocoa). Describe la construcción de un secador de granos de cacao por combustión, tipo samoa.Evalúa las variables más adecuadas en las operaciones de torrefacción y prensado (temperatura, presión y tiempo). Presenta un análisis económico para la instalación de una planta procesadora de cacao a nivel de banco. 
650 7 |a MOLIENDA Y PRODUCTOS OBTENIDOS 
650 7 |b  TRITURACION Y DESCASCARADO. 
650 7 |c  INGENIERIA QUIMICA.  
700 1 |a Tutor:  |b Guzmán G., Guillermo 
942 |c BK  |2 ddc 
991 |a TESIS 
999 |c 26159